Style Council /

Gespeichert in:
Bibliographische Detailangaben
1. Verfasser: Petchy, Tim (Verfasst von)
Format: Buch
Sprache:Italienisch
Veröffentlicht: Milano : Gammalibri, 1986
Schriftenreihe:Rockbooks
Schlagworte:
Tags: Tag hinzufügen
Keine Tags, Fügen Sie das erste Tag hinzu!

MARC

LEADER 00000nam a22000007i 4500
001 IT\ICCU\PAL\0159948
003 ItRI
005 20260115232353.0
008 990619s1986 it |||||| ||||| |||||c
040 |b ita  |c importazione bologna sebina 
041 7 |a ita  |2 ISO-639-2 
100 1 |a Petchy, Tim  |0 IT\ICCU\PALV\049925  |4 aut 
245 1 0 |a Style Council /  |c Tim Petchy. 
260 |a Milano :  |b Gammalibri,  |c 1986 
300 |a 109 p. ;  |c 21 cm. 
650 7 |a Style Council <Gruppo Musicale>  |2 scbi 
830 0 |a Rockbooks  |0 IT\ICCU\CFI\0171329 
942 |2 ddc  |c BK  |n 0 
952 |0 0  |1 0  |4 0  |6 DOC_781_660000000000000_PET  |7 0  |9 24976  |a BO  |b BO  |d 2026-01-15  |i 2407  |l 0  |o DOC 781.660 PET  |p BO2407  |r 2026-01-15 23:23:54  |w 2026-01-15  |x [Sebina 5] [1 v.]  |y BK  |z 1 v. 
999 |c 21221  |d 21221